000 01130nam a2200301 c 4500
999 _c342047
_d342047
003 BLK
005 20210107040714.0
008 180911b bul|||||r ||||||| ||bul||
010 _a001681
040 _aBLK
041 _aBUL
_cBUL
080 _z165
100 1 _aМИХАЛЧЕВ, Димитър
_eпърви автор
_9398466
245 0 0 _aФорма и отношение
246 _aПринос към учението за познанието
260 _aСофия
_bСоф. унив.
_c1914
_fЦарска придворна печ. Ив. кандела
300 _a760 с
_c24 см
380 _a1
490 _aУниверситетска библ
490 _aЧастна колекция - Академик Михаил Арнаудов
_gДарение - Основен фонд
500 _aМихаил Арнаудов: негови-книга. - Михаил Арнаудов: подпис. - Датиране на книгата : 1. IV. 914
655 _aфилософия
_9396704
700 1 _aДимитър Михалчев
_9398467
852 _aМА 1774
942 _cKNG
_n0
_s1
944 _aCR
_c1996
_kValK
999 _d342047